Исследование напряженно-деформированного состояния массива горных пород методом ИК-радиометрии; Вестник науки Сибири; № 3 (4)

Бібліографічні деталі
Parent link:Вестник науки Сибири: электронный научный журнал/ Томский политехнический университет (ТПУ).— , 2011-.— 2226-0064
№ 3 (4).— 2012.— [С. 74-79]
Автор: Беспалько А. А. Анатолий Алексеевич
Інші автори: Яворович Л. В. Людмила Васильевна, Моисеев С. В. Сергей Витольдович
Резюме:Заглавие с титульного листа
Приведены результаты использования метода ИК-радиометрии для качественной оценки напряженно-деформированного состояния на различных участках массива горных пород Таштагольского рудника.
Мова:Російська
Опубліковано: 2012
Серія:Инженерные науки
Предмети:
Онлайн доступ:http://earchive.tpu.ru/handle/11683/16061
Формат: Електронний ресурс Частина з книги
KOHA link:https://koha.lib.tpu.ru/cgi-bin/koha/opac-detail.pl?biblionumber=480365

MARC

LEADER 00000naa2a2200000 4500
001 480365
005 20231101093527.0
035 |a (RuTPU)RU\TPU\prd\147511 
035 |a RU\TPU\prd\146616 
090 |a 480365 
100 |a 20120816d2012 k y0rusy50 ca 
101 0 |a rus 
102 |a RU 
135 |a drnn ---uucaa 
181 0 |a i  
182 0 |a b 
200 1 |a Исследование напряженно-деформированного состояния массива горных пород методом ИК-радиометрии  |f А. А. Беспалько, Л. В. Яворович, С. В. Моисеев 
203 |a Текст  |c электронный 
215 |a 1 файл (1.57 Мб) 
225 1 |a Инженерные науки 
230 |a Электронные текстовые данные (1 файл : 1.57 Мб) 
300 |a Заглавие с титульного листа 
320 |a [Библиогр.: с. 79 (8 назв.)] 
330 |a Приведены результаты использования метода ИК-радиометрии для качественной оценки напряженно-деформированного состояния на различных участках массива горных пород Таштагольского рудника. 
337 |a Adobe Reader 
461 1 |0 (RuTPU)RU\TPU\prd\143680  |x 2226-0064  |t Вестник науки Сибири  |o электронный научный журнал  |f Томский политехнический университет (ТПУ)  |d 2011- 
463 1 |0 (RuTPU)RU\TPU\prd\146314  |t № 3 (4)  |v [С. 74-79]  |d 2012 
610 1 |a геофизика 
610 1 |a горные массивы 
610 1 |a горные породы 
610 1 |a напряженно-деформированное состояние 
610 1 |a ИК-радиометрия 
610 1 |a инфракрасная радиометрия 
610 1 |a забои 
610 1 |a поверхности 
610 1 |a Таштагольское месторождение 
610 1 |a труды учёных ТПУ 
610 1 |a электронный ресурс 
675 |a 622.83:620.1  |v 3 
700 1 |a Беспалько  |b А. А.  |c специалист в области электрофизики  |c ведущий научный сотрудник Томского политехнического университета  |g Анатолий Алексеевич  |2 stltpush  |3 (RuTPU)RU\TPU\pers\25152 
701 1 |a Яворович  |b Л. В.  |c специалист в области электрофизики  |c старший научный сотрудник Томского политехнического университета  |f 1957-  |g Людмила Васильевна  |2 stltpush  |3 (RuTPU)RU\TPU\pers\26571 
701 1 |a Моисеев  |b С. В.  |g Сергей Витольдович 
801 1 |a RU  |b 63413507  |c 20090623  |g PSBO 
801 2 |a RU  |b 63413507  |c 20180115  |g PSBO 
856 4 |u http://earchive.tpu.ru/handle/11683/16061 
942 |c BK